000 00606cam a22002052 4500
001 0000003281
005 20151217155820.0
008 070502s xx 000 0 eng d
040 _aKABU
_cKABU
050 0 _aHQ1796.5
_b.Z75A3
100 1 _aDumila, Faraj.
_@0000153060
245 1 0 _aWomen in the country of harambee.
260 _aNairobi :
_bEleza Services,
_c[19?]
300 _a60 p.
650 0 _aWomen
_xBiography
_zKenya.
_@0000153061
650 0 _aWomen in the professions
_zKenya.
_@0000153062
908 _a070502
950 _@1
999 _c12805
_d12805